Statistics for Pokémon names that end with F

Click here to take the quiz!

General Stats

  • This quiz has been taken 53 times
  • The average score is 6 of 10

Answer Stats

GenPokémon% Correct
IJigglypuff
82%
IWigglytuff
82%
IVBidoof
76%
IIIgglybuff
71%
IIBayleef
59%
VIIRockruff
59%
IVAzelf
53%
IIJumpluff
53%
IIINuzleaf
53%
VISlurpuff
53%

Score Distribution

Percentile by Number Answered

Percent of People with Each Score

Your Score History

You have not taken this quiz